000 01165nam a22003617a 4500
001 BR8800887
003 BR-BrBNA
005 20230928092838.0
007 ta
008 230509b bl.||||| |||| 00| 0 por d
040 _aBR-BrBNA
_bpor
_cBiblioteca Nacional de Agricultura
041 _a(Por)
072 _aF01; E12; E70
_b0230
090 _ 0230 BR8800887
100 1 _aGraziano, E.
110 1 _aInstituto de Coordenacao Estadual de Planejamento Agricola, Vitoria, ES (Brasil)
_95993
245 1 _aEstudo sobre as condicoes socio-economicas da cultura de cana-de-acucar no sul do Estado do Espirito Santo
246 1 _a[Study about the sociological and economical conditions of sugar cane cultivation in the south of Espirito Santo]
260 3 _aVitoria, ES (Brasil):
_c1984.
300 _a55 p.
500 _a9 tables
650 _aCANA DE ACUCAR
650 _aPRATICA CULTURAL
650 _aTECNOLOGIA AGRICOLA
650 _aMAO-DE-OBRA
650 _aTRABALHO
650 _aRENDIMENTO
650 _aCOMERCIALIZACAO
650 _aINDUSTRIALIZACAO
650 _aESPIRITO SANTO
909 _a202309
_bLucia
_c55
_dLucia Elande
942 _cBK
999 _c41537
_d41537